000 00805nam a2200301Ia 4500
001 23413
003 IT-RoPAU
008 130308s9999 xx 000 0 und d
040 _aIT-RoPAU
040 _cIT-RoPAU
041 _aINGLESE
100 _aMarwick Arthur
100 _gCodice Aut. SPICS: 7013
245 _aFilm in University Teaching
245 _bHistorian And Film (The)
250 _a1a ed.
260 _aCAMBRIDGE
260 _bCambridge University Press
260 _c1978 [1° Ed.:1976 - Ed.Ling.Originale:1976]
300 _a"15 p. (prefazione: no ; testo: 15 [pagine: 142-156])"
500 _aFilm nell'Insegnamento Universitario
650 _aSAGGI SUL CINEMA
650 _eCodice materia Spics: 6811
942 _cBK
957 _71
999 _c55321
_d55321
999 _bSI
999 _g1